Llei 30/2007, de 30 de novembre, de Contractes del Sector Públic
Publicado:
Barcelona :
Diputació de Barcelona. Àrea de Coordinació i Govern Local. Gerència de Serveis d'Assistència al Govern Local. Servei d'Assistència en Formació i Millora de l'Organització Municipal ,
2008
Descripción Física:
[98] p. ; 29 cm
MARC
| LEADER | 00000nam a2200000Ia 4500 | ||
|---|---|---|---|
| 001 | 20054 | ||
| 003 | BGR | ||
| 005 | 20260324180050.0 | ||
| 008 | 160829s2008 xx 000 0 cat d | ||
| 080 | |a D-4-3 | ||
| 100 | |a Espanya. Ley de contratos del sector público (2007) |9 45221 | ||
| 245 | |a Llei 30/2007, de 30 de novembre, de Contractes del Sector Públic | ||
| 260 | |a Barcelona : |b Diputació de Barcelona. Àrea de Coordinació i Govern Local. Gerència de Serveis d'Assistència al Govern Local. Servei d'Assistència en Formació i Millora de l'Organització Municipal, |c 2008 | ||
| 300 | |a [98] p. ; |c 29 cm | ||
| 590 | |a Sumplement núm. 30 del Butlletí Oficial de l'Estat, de dissabte 3 de novembre de 2007, en català. | ||
| 650 | |a Sector públic |x Espanya |x Contractació |9 45222 | ||
| 650 | |a Sector públic |x Catalunya |x Contractació |9 45223 | ||
| 710 | 1 | |a Barcelona (Catalunya : Província). |b Diputació |b Servei d'Assistència en Formació i Millora de l'Organització Municipal |9 52408 | |
| 901 | |a Arxiu | ||
| 942 | |n 1 |2 udc |c MON | ||
| 952 | |0 0 |1 0 |4 0 |6 D43 |7 1 |9 52455 |a Arxiu |b Arxiu |d 2016-12-01 |l 0 |o D-4-3 |p 20054 |r 2016-12-01 00:00:00 |w 2016-12-01 |y ARXIU | ||
| 999 | |c 56303 |d 56303 | ||